| 000 | 00830cam a2200229 4500 | ||
|---|---|---|---|
| 001 | WB3643-19 | ||
| 008 | 000000n2000 000 0 eng u | ||
| 035 | _a(Sirsi) u109057 | ||
| 245 | _aFlood misery due to misuse of land | ||
| 260 | _c2000 | ||
| 490 |
_aScotsman _v31 October 2000, 4(1) |
||
| 520 | _aAcademics warn that Britain's recent flood disasters are not due to climate change, but to society's misuse of land. The building of houses on flood plains has covered what should be drainage land and the total number of homes at risk from flooding in Britain now stands at two million. | ||
| 590 | _aWB | ||
| 650 | _aNEW HOUSING | ||
| 650 | _aFLOOD RISK | ||
| 650 | _aFLOODING | ||
| 650 | _aFLOOD PLAINS | ||
| 650 | _aGLOBAL WARMING | ||
| 650 |
_aLand use _96251 |
||
| 690 | _aHOUSING-DEVELOPMENT | ||
| 942 | _n0 | ||
| 999 |
_c65133 _d65133 |
||